header

Along the path (Record no. 208541)

MARC details
000 -LEADER
fixed length control field 01380nam a2200361Ia 4500
082 04 - DEWEY DECIMAL CLASSIFICATION NUMBER
Classification number 296.1/6
100 1# - MAIN ENTRY--AUTHOR NAME
Personal name Wolfson, Elliot R.
245 10 - TITLE STATEMENT
Title Along the path
260 ## - PUBLICATION, DISTRIBUTION, ETC. (IMPRINT)
Place of publication Albany :
Name of publisher State University of New York Press,
Year of publication c1995.
300 ## - PHYSICAL DESCRIPTION
Number of Pages xiii, 283 p.
650 #0 - SUBJECT ADDED ENTRY--TOPICAL TERM
Topical Term Mysticism
Topical Term Cabala
Topical Term Hasidism
856 40 - ELECTRONIC LOCATION AND ACCESS
Uniform Resource Identifier http://site.ebrary.com/lib/rucke/Doc?id=10588837

No items available.

© 2026 Rongo University
Contact us: librarian | system librarian | Rongo university